LEADER 00675nam a2200193 i 4500 001 000000216037 003 CaOOAMICUS 005 20250902120342.0 008 121001s1889 xx u000 u fre u 013 $a194914 040 $aSeMil$bita 245 10$aGrace de Jésus-Christ. 3, Pénitence :$bCarême 1885. 250 $a5. éd. 300 $a359 p. 773 0 $tExposition du dogme catholique.$dParis : Édouard Baltenweck, 1883.$w()27062 850 $aSeMil 852 $aSeMil$W1$xVenegono$y1$m2B I 31 FA$j166457$B166457$CSeMilBibl$Z2$F177349 $8I 996 $6245$aGrace de Jésus-Christ. 3, Pénitence :$bCarême 1885$9(OLS)http://semarc/title/310847 LEADER 00776nam a2200205 i 4500 001 000000086353 003 CaOOAMICUS 005 20030630000000.0 008 030630s1967 xx u000 u und u 013 $a58593 040 $aSeMil$bita 100 1 $aGurvitch, Georges,$d<1894-1965>.$0(OLS)http://semarc/name/9422 245 10$aTrattato di sociologia. Volume secondo. 260 $aMilano :$bIl Saggiatore,$c1967. 300 $a681 p. 650 4$aSociologia - Trattati.$0(OLS)http://semarc/subject/991 850 $aSeMil 852 $aSeMil$W1$xVenegono$y1$m68 1 17.2 *$j50069$B50069$CSeMilBibl$Z2$F53952 $81 996 $6245$aTrattato di sociologia. Volume secondo$9(OLS)http://semarc/title/132698 996 $6260$aMilano :$bIl Saggiatore$9(OLS)http://semarc/publisher/30255